| 000 | 00602aam a2200217 4500 | ||
|---|---|---|---|
| 005 | 20170320145309.0 | ||
| 008 | 150810b xxu||||| |||| 00| 0 spa d | ||
| 041 | _aspa | ||
| 082 | _a617.69 M813a | ||
| 100 |
_aMonturiol Varani, Alberto _941375 |
||
| 245 | _aAtlas de preparaciones en prótesis dental fija | ||
| 260 | _aCosta Rica | ||
| 260 | _bEditorial de la Universidad de Costa Rica | ||
| 260 | _c2012 | ||
| 300 | _a169 paginas | ||
| 650 |
_aPRÓTESIS DENTAL _941376 |
||
| 650 |
_aPUENTES _915269 |
||
| 650 |
_aODONTOLOGÍA _97513 |
||
| 650 |
_aPRÓTESIS DENTAL FIJA _941377 |
||
| 942 | _cBK | ||
| 999 |
_c7302 _d7302 |
||